02371nam a22002177a 4500999001700000020001800017020001800035082001900053100001800072245007400090260003900164300001500203520151200218546001301730650001901743650001701762650001801779942001201797952017201809952017201981 c39149d39149 a9788193836897 a9788193836880 a303.483bBAO-B aBaofu, Peter. aBeyond Human Civil Society to Post-Human Civil Society/cPeter Baofu. aNew Delhi:bOverseas press,c2018. a907p.b2v. aIs human civil society really so promsing that, as Edmund Burke once claimed, “Justice is itself the great standing policy of civil society; and any eminent departure from it, under any circumstances, lies under the suspicion of being no policy at all”? (TE 2018) This positive view on human civil society can be contrasted with an opposing one by Geoff Mulgan, who cautioned us by asking: “So is civil society prepared for the future? Probably not. Most organisations have to live hand to mouth, juggling short-term funding and perpetual minor crises. Even the bigger ones rarely get much time to stand back and look at the bigger picture. Many are on a treadmill chasing after contracts and new funding.” (BQ 2018) Contrary to these opposing views (and other ones as will be discussed in the book), human civil society (in relation to civilness and non-civilness—as well as other dichotomies) is neither possible (or impossible) nor desirable (or undesirable) to the extent that the respective ideologues (on different sides) would like us to believe, such that there is no civilness without non-civilness (and vice versa), to be explained by the “softness-hardness principle,” the “materialitynonmateriality principle,” the “achievement-carefreedom principle,” the “inclusivenessexclusiveness principle,” the “symmetry-asymmetry principle,” the “valuation-devaluation principle,” the “regression-progression principle,” the “absoluteness-relativeness principle,” aEnglish. aSocial Science aPosthumanism aSocial theory 2ddccBK 00104070aNASSDOCbNASSDOCd2024-05-17eOverseas press India Pvt Ltdg1442.19i20-03-24l0o303.483 BAO-B; Vol-2p54282r2024-05-17 00:00:00v1997.50w2024-05-17yBK 00104070aNASSDOCbNASSDOCd2024-05-17eOverseas press India Pvt Ltdg1442.19i20-03-24l0o303.483 BAO-B; Vol-1p54281r2024-05-17 00:00:00v1997.50w2024-05-17yBK